Dulhan ek raat ki / (Record no. 44855)

MARC details
000 -LEADER
fixed length control field 01274nji a22003017a 4500
005 - DATE AND TIME OF LATEST TRANSACTION
control field 20100903161258.0
006 - FIXED-LENGTH DATA ELEMENTS--ADDITIONAL MATERIAL CHARACTERISTICS--GENERAL INFORMATION
fixed length control field a|||||r|||||00| 0
007 - PHYSICAL DESCRIPTION FIXED FIELD--GENERAL INFORMATION
fixed length control field sd ammalaaahaa
008 - FIXED-LENGTH DATA ELEMENTS--GENERAL INFORMATION
fixed length control field 100830t xxu||||| |||| 00| 0 eng d
028 ## - PUBLISHER NUMBER
Publisher number N 55344
Source His Master's Voice
035 ## - SYSTEM CONTROL NUMBER
System control number GR-01592
040 ## - CATALOGING SOURCE
Original cataloging agency SED
Transcribing agency SED
100 ## - MAIN ENTRY--PERSONAL NAME
9 (RLIN) 17455
Personal name Rafi, Mohd
245 ## - TITLE STATEMENT
Title Dulhan ek raat ki /
Statement of responsibility, etc by Mohd Rafi ; Music by Madan Mohan ; Lyris by Raja Mehdi Ali Kahn
Medium [sound recording] :
246 ## - VARYING FORM OF TITLE
Title proper/short title दुल्हन एक रात की / मोहद रफ़ी द्वारा
260 ## - PUBLICATION, DISTRIBUTION, ETC. (IMPRINT)
Place of publication, distribution, etc Dum Dum, India
Name of publisher, distributor, etc His Master's Voice
300 ## - PHYSICAL DESCRIPTION
Extent 1 sound disc [Gramophone Recording]:
Other physical details analog, 33 1/3 rpm
Dimensions 9.5 in. (MP)
Type of unit Gramophone Record
500 ## - GENERAL NOTE
General note Brief Record
505 ## - FORMATTED CONTENTS NOTE
Formatted contents note Side 1 एक हसीन शाम को (Ek haseen saam ko ) (Mohd Rafi ) side 2 (कई दिन से जी है बेकल )Kai din se ji hai bekal (Lata Mangeskar)
650 ## - SUBJECT ADDED ENTRY--TOPICAL TERM
Topical term or geographic name as entry element Classical music
Geographic subdivision India
9 (RLIN) 1186
General subdivision Excerpts
700 ## - ADDED ENTRY--PERSONAL NAME
9 (RLIN) 17416
Personal name Mangeskar, Lata
700 ## - ADDED ENTRY--PERSONAL NAME
9 (RLIN) 17456
Personal name Madan Mohan
700 ## - ADDED ENTRY--PERSONAL NAME
Personal name Raja Mehdi Ali Kahn
9 (RLIN) 19067
700 ## - ADDED ENTRY--PERSONAL NAME
9 (RLIN) 19087
700 ## - ADDED ENTRY--PERSONAL NAME
9 (RLIN) 19088
942 ## - ADDED ENTRY ELEMENTS (KOHA)
Source of classification or shelving scheme Dewey Decimal Classification
Item type Gramaphone Records
Holdings
Withdrawn status Lost status Source of classification or shelving scheme Damaged status Not for loan Collection code Home library Current library Date acquired Source of acquisition Total Checkouts Barcode Date last seen Copy number Price effective from Koha item type
    Dewey Decimal Classification   Not For Loan Non-fiction Central Library Central Library 09/09/2010 SED/VEN   GR-01592 09/09/2010 1 09/09/2010 Gramaphone Records

© Delhi Public Library
Hit Counter
free hit counter